000 00721nam a2200241 a 4500
008 951212s1980||||[C 0 slo c
020 _c21 Kčs.
040 _aSNK
_bslo
_cSNK
_eAACR2
041 1 _aslo
_hfre
044 _axo
_cSK
080 _a840-3
100 1 _aDebray, Régis
_4aut
245 1 0 _aHorí sneh
_cRégis Debray ; Ladislav Lapšanský, Ladislav Lapšanský, Zoltán Salamon
250 _a1., vyd.
260 _aBratislava
_bSmena
_c1980
_eŽilina
_fPravda
300 _a215 s., 12,56 AH
_c21 cm
490 0 _aŠtafeta
500 _aLit. 11. Ilustr. tit. list. Pozn.
700 1 _aLapšanský, Ladislav
_4trl
700 1 _aLapšanský, Ladislav
_4[ADC]
700 1 _aSalamon, Zoltán
_4bkd
958 _aA
999 _c10476
_d10476